000 00341 a2200157 4500
001 56703
020 _a8532901999
040 _cAnchieta - Pituba
100 _aMarques, Ângela Cristina Salgueiro
240 1 0 _aBruno Zumbi
_lpor
245 1 0 _aBruno Zumbi
300 _a63
362 0 _a1995
650 4 _aLiteratura juvenil
942 _cBK
999 _c56703
_d56703